| 000 | 00000nam##2200000za#4500 |
| 001 | 9.615794 |
| 003 | CaOODSP |
| 005 | 20200706133956 |
| 007 | ta |
| 008 | 150406|2001||||xxc||||| f|0| 0 eng|d |
| 020 | |a0-660-18632-2 |
| 022 | |a1200-5223 |
| 040 | |aCaOODSP|beng |
| 043 | |an-cn--- |
| 086 | 1 |aCS11-0019/171E |
| 245 | 00|aAre the kids all right?: intergenerational mobility and child well-being in Canada / |cby Miles Corak. |
| 260 | |aOttawa - Ontario : |bStatistics Canada. |c2001. |
| 300 | |a22p. : |bfigs., references, tables ; |c28 cm. |
| 490 | 1 |aResearch paper series|x1200-5223|vNo. 171 |
| 500 | |a"A framework for thinking about intergenerational mobility as it relates to the relationship between parent and child incomes as well as evidence on the degree and sources of intergenerational mobility in Canada is reviewed."--Abstract. |
| 520 | 3 |aA framework for thinking about intergenerational mobility as it relates to the relationship between parent and child incomes as well as evidence on the degree and sources of intergenerational mobility in Canada is reviewed.--Abstract |
| 563 | |aSoftcover |
| 590 | |a01-45|b2001-11-09 |
| 690 | 07|aChild poverty|2gcpds |
| 710 | 2 |aStatistics Canada. |bAnalytical Studies Branch. |
| 720 | 1 |aCorak, Miles |
| 776 | 0#|tAre the kids all right? : |w(CaOODSP)9.557965 |
| 830 | #0|aResearch paper series,|x1200-5223|vNo. 171|w(CaOODSP)9.514463 |